[Event "DEN-ch G7-1"]
[Site "Svendborg"]
[Date "2016.03.26"]
[Round "5"]
[White "Hoffmann, Tobias"]
[Black "Kristensen, Peter"]
[Result "0-1"]
[WhiteElo "2031"]
[BlackElo "1956"]
[PlyCount "66"]
[EventDate "2016.03.22"]
[EventType "swiss"]
[EventRounds "7"]
[EventCountry "DEN"]
[SourceTitle "EXT 2023"]
[Source "ChessBase"]
[SourceDate "2022.10.05"]
[SourceVersion "1"]
[SourceVersionDate "2022.10.05"]
[SourceQuality "1"]

1. Nf3 f5 2. d4 Nf6 3. g3 e6 4. Bg2 d5 5. 0-0 Bd6 6. b3 Qe7 7. a4 0-0 8. Ba3 Nbd7 9. c4 c6 10. Bxd6 Qxd6 11. Nbd2 Ne4 12. Qc2 b6 13. Rfd1 Bb7 14. Ne1 Nxd2 15. Rxd2 a5 16. e3 Rac8 17. Rc1 c5 18. Qd1 cxd4 19. Rxd4 Nf6 20. Rc2 Qb8 21. cxd5 Bxd5 22. Bxd5 Nxd5 23. Rdc4 Rxc4 24. Rxc4 Rc8 25. Qc2 Rxc4 26. Qxc4 Qc7 27. Qb5 Kf7 28. Nf3 Ke7 29. Nd4 g6 30. h4 Qc1+ 31. Kg2 Qd2 32. Kf3 Qd1+ 33. Qe2 Qh1# 0-1

[Event "EU-Cup 31st"]
[Site "Skopje"]
[Date "2015.10.18"]
[Round "1.6"]
[White "Hoffmann, Tobias"]
[Black "Haag, Gregor"]
[Result "0-1"]
[WhiteElo "2071"]
[BlackElo "2236"]
[PlyCount "94"]
[EventDate "2015.10.18"]
[EventType "team-swiss"]
[EventRounds "7"]
[EventCountry "MKD"]
[SourceTitle "CBM 169"]
[Source "ChessBase"]
[SourceDate "2015.11.10"]
[SourceVersion "1"]
[SourceVersionDate "2015.11.10"]
[SourceQuality "1"]
[WhiteTeam "Jetsmark"]
[BlackTeam "Riehen"]
[WhiteTeamCountry "DEN"]
[BlackTeamCountry "SUI"]

1. c4 c5 2. Nc3 Nc6 3. Nf3 g6 4. g3 Bg7 5. Bg2 e6 6. e4 Nge7 7. 0-0 0-0 8. Ne1 a6 9. Nc2 b5 10. d3 Rb8 11. Ne3 Nd4 12. Ne2 Bb7 13. Nxd4 cxd4 14. Nc2 bxc4 15. dxc4 Qb6 16. Qd3 f5 17. Bg5 Nc6 18. Bf4 e5 19. Bd2 Nd8 20. f3 Ne6 21. b4 d6 22. Kh1 Kh8 23. Qb3 Ba8 24. Rab1 Qa7 25. Qd3 Bc6 26. Rfc1 Qa8 27. Kg1 Qa7 28. Kh1 Qa8 29. Qe2 Rf7 30. Ne1 Rfb7 31. Ra1 Rc7 32. Nd3 Rbc8 33. a4 Bb7 34. Nb2 a5 35. b5 Nc5 36. Re1 Rf7 37. Ra3 Rcf8 38. Nd3 fxe4 39. fxe4 Nxe4 40. Bxe4 Bxe4+ 41. Qxe4 Rf1+ 42. Kg2 Rxe1 43. Qxa8 Re2+ 44. Kg1 Rxa8 45. Bg5 e4 46. Nf4 Rc2 47. Be7 d3 0-1

[Event "EU-Cup 29th"]
[Site "Rhodes"]
[Date "2013.10.24"]
[Round "5.6"]
[White "Bjerre, Jonas Buhl"]
[Black "Hoffmann, Tobias"]
[Result "0-1"]
[WhiteElo "1792"]
[BlackElo "2090"]
[PlyCount "106"]
[EventDate "2013.10.20"]
[EventType "team-swiss"]
[EventRounds "7"]
[EventCountry "GRE"]
[SourceTitle "CBM 157"]
[Source "ChessBase"]
[SourceDate "2013.11.12"]
[SourceVersion "1"]
[SourceVersionDate "2013.11.12"]
[SourceQuality "1"]
[WhiteTeam "Skanderborg Nordea"]
[BlackTeam "Jetsmark"]
[WhiteTeamCountry "DEN"]
[BlackTeamCountry "DEN"]

1. e4 e5 2. Bc4 Nf6 3. d3 c6 4. Nf3 d6 5. c3 Be7 6. Bb3 Nbd7 7. Nbd2 0-0 8. Nf1 Nc5 9. Bc2 Qc7 10. Ng3 Re8 11. 0-0 Bf8 12. Bg5 Be7 13. Re1 Ne6 14. Bd2 g6 15. d4 Bf8 16. b4 Bg7 17. Bb3 Bd7 18. Qc1 a6 19. d5 cxd5 20. exd5 Nd8 21. Qc2 Rc8 22. Rac1 b6 23. c4 Nb7 24. h3 h6 25. Be3 Nh7 26. Qd2 g5 27. Bc2 Qd8 28. Bf5 Nf8 29. Bxd7 Nxd7 30. Nf5 Qf6 31. Nxg7 Qxg7 32. h4 f5 33. Qb2 f4 34. Bd2 Qf6 35. hxg5 hxg5 36. Nh2 Re7 37. Ng4 Qg7 38. Qb3 Nf6 39. Qh3 Nxg4 40. Qxg4 Rec7 41. Qe6+ Kh7 42. Rc3 Qg6 43. Qxg6+ Kxg6 44. Ra3 Ra8 45. Rc1 g4 46. g3 Kf5 47. f3 gxf3 48. Rxf3 Rg8 49. Kf2 Rxg3 50. Rxg3 fxg3+ 51. Kxg3 Ke4 52. Kf2 Kd3 53. Be3 Rf7+ 0-1

[Event "EU-Cup 29th"]
[Site "Rhodes"]
[Date "2013.10.23"]
[Round "4.6"]
[White "Hoffmann, Tobias"]
[Black "Van Dommelen, Martin"]
[Result "0-1"]
[WhiteElo "2090"]
[BlackElo "2100"]
[PlyCount "206"]
[EventDate "2013.10.20"]
[EventType "team-swiss"]
[EventRounds "7"]
[EventCountry "GRE"]
[SourceTitle "CBM 157"]
[Source "ChessBase"]
[SourceDate "2013.11.12"]
[SourceVersion "1"]
[SourceVersionDate "2013.11.12"]
[SourceQuality "1"]
[WhiteTeam "Jetsmark"]
[BlackTeam "Apeldoorn"]
[WhiteTeamCountry "DEN"]
[BlackTeamCountry "NED"]

1. e4 c5 2. d3 Nc6 3. f4 d5 4. Be2 e6 5. Nf3 g6 6. 0-0 Bg7 7. c3 Nge7 8. Qc2 0-0 9. a4 b6 10. Kh1 Bb7 11. Be3 Rc8 12. Bf2 Qd7 13. Na3 Rfd8 14. e5 Bh6 15. Qd2 Na5 16. Bd1 d4 17. Bh4 dxc3 18. bxc3 Ba6 19. Nb5 Bxb5 20. axb5 Rc7 21. Bc2 Qxb5 22. Qf2 Bg7 23. Nd2 Qe8 24. Ne4 Nd5 25. c4 Nb4 26. Ra3 Rd4 27. Nf6+ Bxf6 28. Bxf6 Nxc2 29. Qxc2 Rcd7 30. Kg1 Nc6 31. Rf3 Ne7 32. g4 Qa8 33. Rh3 Rxf4 34. Rg3 Kf8 35. Bg5 Rf3 36. Qe2 Rxg3+ 37. hxg3 Ng8 38. Qe3 Kg7 39. Ra2 h6 40. Bf6+ Nxf6 41. exf6+ Kxf6 42. Qxh6 Ke7 43. Qg5+ f6 44. Qxg6 Qf3 45. Kh2 Qxd3 46. Qg7+ Kd6 47. Qf8+ Ke5 48. Qb8+ Rd6 49. Rxa7 Qxc4 50. Ra1 Qc3 51. Rf1 Qd2+ 52. Kh3 c4 53. Qf8 c3 54. Qxf6+ Kd5 55. Rf4 b5 56. Qf8 Kc5 57. Rf2 Qd5 58. Qc8+ Rc6 59. Qf8+ Rd6 60. Qc8+ Qc6 61. Qh8 Qh1+ 62. Rh2 Qf1+ 63. Kh4 Qc4 64. Qe5+ Rd5 65. Qe3+ Qd4 66. Qh6 b4 67. Kh3 Kc4 68. Qxe6 b3 69. Qc8+ Rc5 70. Qa6+ Kb4 71. Qb6+ Kc4 72. Qa6+ Rb5 73. Qa4+ Kc5 74. Qa7+ Rb6 75. Qa5+ Kd6 76. Qa3+ Qb4 77. Qa8 b2 78. Qd8+ Kc5 79. Qc7+ Kb5 80. Qd7+ Ka5 81. Qd5+ Ka4 82. Qa2+ Qa3 83. Qc4+ Rb4 84. Qc6+ Kb3 85. Qd5+ Rc4 86. Qd1+ c2 87. Qd3+ Kb4 88. Qd6+ Ka4 89. Qd7+ Kb3 90. Qd3+ Rc3 91. Qd5+ Kb4 92. Qd6+ Kb5 93. Qd7+ Kc5 94. Qc7+ Kb5 95. Qd7+ Kb6 96. Qd8+ Kb7 97. Qd7+ Rc7 98. Qd5+ Ka7 99. Qd4+ Qc5 100. Qa4+ Kb6 101. Qb3+ Qb5 102. Qe3+ Ka5 103. Qa3+ Qa4 0-1

[Event "EU-Cup 29th"]
[Site "Rhodes"]
[Date "2013.10.22"]
[Round "3.6"]
[White "Rice, Christopher"]
[Black "Hoffmann, Tobias"]
[Result "0-1"]
[WhiteElo "2033"]
[BlackElo "2090"]
[PlyCount "136"]
[EventDate "2013.10.20"]
[EventType "team-swiss"]
[EventRounds "7"]
[EventCountry "GRE"]
[SourceTitle "CBM 157"]
[Source "ChessBase"]
[SourceDate "2013.11.12"]
[SourceVersion "1"]
[SourceVersionDate "2013.11.12"]
[SourceQuality "1"]
[WhiteTeam "Jutes of Kent"]
[BlackTeam "Jetsmark"]
[WhiteTeamCountry "ENG"]
[BlackTeamCountry "DEN"]

1. c4 c6 2. Nf3 d5 3. b3 Nf6 4. Bb2 e6 5. g3 Be7 6. Bg2 0-0 7. 0-0 Nbd7 8. e3 b6 9. Qe2 Ba6 10. d3 Qc7 11. Nbd2 Rfe8 12. Rac1 Rad8 13. Rfd1 Bd6 14. e4 dxe4 15. Nxe4 Nxe4 16. Qxe4 c5 17. Ng5 Nf8 18. Qg4 h6 19. Ne4 Ng6 20. Nxd6 Rxd6 21. Be4 e5 22. h4 Bc8 23. Qe2 Qe7 24. Kg2 Nf8 25. Qh5 Nd7 26. Qe2 Nf6 27. Bf3 h5 28. Re1 Ng4 29. Be4 Bb7 30. Rcd1 Nf6 31. Bf3 Bxf3+ 32. Qxf3 Ng4 33. Qe4 Re6 34. Rd2 Nf6 35. Qf5 g6 36. Qg5 Qb7+ 37. Kg1 Ng4 38. Rde2 Kh7 39. Bc1 f6 40. Qd2 Qf3 41. Qd1 Rd6 42. Rd2 Qb7 43. Qe2 Red8 44. Red1 Nh6 45. Bb2 Nf5 46. Bc3 Nd4 47. Bxd4 Rxd4 48. Qe3 Qd7 49. f3 Qh3 50. Rg2 Qf5 51. Rgd2 Rg8 52. Rh2 Kg7 53. Rhd2 Kf7 54. Rh2 Rgd8 55. Rhd2 g5 56. hxg5 fxg5 57. Kg2 Kg6 58. Kh2 R8d7 59. Kg2 g4 60. fxg4 Rxg4 61. Rf1 Qg5 62. Qxg5+ Kxg5 63. Re1 e4 64. Re3 h4 65. Kf2 h3 66. Kg1 exd3 67. Rdxd3 Rxd3 68. Rxd3 Rd4 0-1

[Event "North Sea Cup 23th"]
[Site "Esbjerg"]
[Date "2008.07.16"]
[Round "8"]
[White "Zyde, Fadmal"]
[Black "Hoffmann, Tobias"]
[Result "0-1"]
[WhiteElo "1659"]
[BlackElo "2034"]
[PlyCount "76"]
[EventDate "2008.07.11"]
[EventType "swiss"]
[EventRounds "10"]
[EventCountry "DEN"]
[SourceTitle "CBM 125 Extra"]
[Source "ChessBase"]
[SourceDate "2008.09.01"]
[SourceVersion "1"]
[SourceVersionDate "2008.09.01"]
[SourceQuality "1"]

1. d4 Nf6 2. Nc3 d5 3. Bg5 Bf5 4. Bxf6 gxf6 5. Nf3 Nc6 6. Nh4 Bg4 7. h3 Bh5 8. f4 f5 9. Qd3 e6 10. g3 Bg7 11. e3 Bf6 12. Ng2 Bf3 13. Kf2 Be4 14. Nxe4 fxe4 15. Qb5 Qd7 16. Qa4 0-0 17. Bb5 a6 18. Bxc6 bxc6 19. c3 Rfb8 20. Rab1 Qd6 21. Qd1 c5 22. dxc5 Qxc5 23. Qg4+ Kh8 24. Qh5 Qe7 25. g4 Bg7 26. g5 f5 27. h4 c5 28. Qd1 d4 29. cxd4 cxd4 30. exd4 Qd6 31. Kg3 Rb4 32. Re1 Rxd4 33. Qc1 Rd8 34. b3 e5 35. fxe5 Bxe5+ 36. Kh3 f4 37. h5 Qe6+ 38. Kh4 e3 0-1